Las revoluciones políticas y la ciencia en México : (Registro nro. 62924)
[ vista simple ]
| 000 -LEADER | |
|---|---|
| fixed length control field | 01134nam a2200241 a 4500 |
| 001 - CONTROL NUMBER | |
| control field | 62924 |
| 005 - DATE AND TIME OF LATEST TRANSACTION | |
| control field | 20180714065132.0 |
| 008 - FIXED-LENGTH DATA ELEMENTS--GENERAL INFORMATION | |
| fixed length control field | 150615s2010 mx a r 000 0 spa d |
| 020 ## - INTERNATIONAL STANDARD BOOK NUMBER | |
| International Standard Book Number | 9786079519476 |
| 041 ## - LANGUAGE CODE | |
| Language code of text/sound track or separate title | spa |
| 082 0# - DEWEY DECIMAL CLASSIFICATION NUMBER | |
| Classification number | 303.4830972 |
| Item number | SAL |
| 505 0# - FORMATTED CONTENTS NOTE | |
| Formatted contents note | Tomo I. Ciencia y política en México en la época de la independencia, Tomo II. Ciencia y política en México de la reforma a la revolución mexicana |
| 100 1# - MAIN ENTRY--PERSONAL NAME | |
| Personal name | Saldaña, Juan José, |
| Relator term | autor |
| 245 14 - TITLE STATEMENT | |
| Title | Las revoluciones políticas y la ciencia en México : |
| Remainder of title | ciencia y política en México en la época de la independencia / |
| Statement of responsibility, etc. | Juan José Saldaña. |
| 250 ## - EDITION STATEMENT | |
| Edition statement | Primera edición |
| 264 #1 - PRODUCTION, PUBLICATION, DISTRIBUTION, MANUFACTURE, AND COPYRIGHT NOTICE | |
| Place of production, publication, distribution, manufacture | México : |
| Name of producer, publisher, distributor, manufacturer | Consejo Nacional de Ciencia y Tecnología, |
| Date of production, publication, distribution, manufacture, or copyright notice | 2010 |
| 300 ## - PHYSICAL DESCRIPTION | |
| Extent | 2 volúmenes ((260, 300 páginas) : |
| Other physical details | ilustraciones ; |
| Dimensions | 29 cm. |
| 336 ## - CONTENT TYPE | |
| Content type term | texto |
| Source | rdacontent |
| 337 ## - MEDIA TYPE | |
| Media type term | sin mediación |
| Source | rdamedia |
| 338 ## - CARRIER TYPE | |
| Carrier type term | volumen |
| Source | rdacarrier |
| 650 #4 - SUBJECT ADDED ENTRY--TOPICAL TERM | |
| Topical term or geographic name entry element | Política científica y tecnológica |
| Geographic subdivision | México |
| General subdivision | Historia |
| -- | Guerra de independencia, 1810-1821 |
| 650 #4 - SUBJECT ADDED ENTRY--TOPICAL TERM | |
| Topical term or geographic name entry element | Política científica y tecnológica |
| Geographic subdivision | México |
| General subdivision | Historia |
| -- | Revolución 1910-1917 |
| Withdrawn status | Lost status | Source of classification or shelving scheme | Damaged status | Not for loan | Collection code | Home library | Current library | Shelving location | Date acquired | Source of acquisition | Inventory number | Total Checkouts | Full call number | Barcode | Date last seen | Price effective from | Koha item type |
|---|---|---|---|---|---|---|---|---|---|---|---|---|---|---|---|---|---|
| Dewey Decimal Classification | General | Biblioteca Karol Wojtyla | Biblioteca Karol Wojtyla | Sala general | 24/05/2016 | Compra | 151000000000000000054081 | 303.4830972 SAL 2010 | 91514 | 05/01/2026 | 24/05/2016 | Libro | |||||
| Dewey Decimal Classification | General | Biblioteca Karol Wojtyla | Biblioteca Karol Wojtyla | Sala general | 24/05/2016 | Compra | 151000000000000000054080 | 303.4830972 SAL 2010 | 91513 | 05/01/2026 | 24/05/2016 | Libro |